Iglesias católicas orientales - Estadísticas

Estadísticas generales
  • Esta prueba ha sido intentada 29 veces
  • La puntuación promedio es 11 de 22
Estadísticas de respuestas
Reconocimiento Tipo de iglesia Nombre Tradición litúrgica Número de fieles
(aproximado)
% Correcto
1781 Iglesia católica siria de Antioquía o siria occidental 120.000
82%
1154 Iglesia católica maronita de Antioquía o siria occidental 3.500.000
77%
1742 Patriarcal Iglesia católica armenia Armenia 750.000
73%
1911 Iglesia católica bizantina griega 6.000
68%
1905 Sui iuris sin jerarquía propia Iglesia católica bizantina rusa 10.000
64%
1552 Iglesia católica caldea Caldea o siria oriental 650.000
64%
1741 Iglesia católica copta Alejandrina 253.000
64%
1861 Sui iuris con jerarquía propia Iglesia católica bizantina búlgara Bizantina 10.000
59%
1628 Iglesia católica bizantina ítalo albanesa 56.000
59%
1923 Archiepiscopal Iglesia católica siro-malabar Caldea o siria oriental 4.500.000
59%
1930 Iglesia católica siro-malankar de Antioquía o siria occidental 500.000
50%
1595 Iglesia greco-católica ucraniana Bizantina 4.300.000
50%
1611 Iglesia bizantina católica de Croacia y Serbia 44.300
45%
1846 Iglesia católica etiópica Alejandrina 80.500
45%
1698 Iglesia greco-católica rumana 475.000
45%
2001 Iglesia greco-católica macedonia 11.500
41%
1646 Metropolitana sui iuris Iglesia católica bizantina rutena 365.000
32%
2015 Iglesia católica eritrea Alejandrina 173.000
32%
1596 Iglesia greco-católica bielorrusa 100.000
32%
1912 Iglesia greco-católica húngara 300.000
32%
1781 Iglesia greco-católica eslovaca 210.000
27%
1726 Iglesia greco-melquita católica Bizantina 1.550.000
27%
No se encontraron pruebas coincidentes
Distribución de puntuación
Porcentaje de gente con cada puntuación
Porcentaje por número respondido
Historial de tus puntuaciones
No has intentado esta prueba.